| 000 | 00396 a2200109 4500 | ||
|---|---|---|---|
| 001 | ART_13024 | ||
| 005 | 20260410161854.0 | ||
| 008 | 260409a | ||
| 245 | 1 | 0 | _aLa responsabilidad profesional y el Proyecto de Código Civil y Comercial de la Nación |
| 100 | 1 | _aTanzi, Silvia Y. | |
| 773 | 0 |
_tDerecho privado _gReforma del código civil II - Año I, Nº 3 (dic. 2012) _wREV10455 |
|
| 999 |
_c25311 _d25311 |
||